000 00277nam a22001337a 4500
008 181218b xxu||||| |||| 00| 0 eng d
020 _a0471089753
041 _aeng
080 _a510
100 _a39
101 _amat
245 _aMathematical
_cPoya.G
942 _2udc
_cBK
999 _c53382
_d53382